000 00971nmm a2200313 a 4500
003 AR-BaBNM
005 20251128211435.0
008 304020s[200 ||||||||||||||000 | spa||
040 _cAR-BaBNM
100 1 _aMalingólico, Alejandra Mariel
245 1 0 _aDerecho civil
_bobligaciones
_n2
246 2 _aAbogacía 2do año
260 _a[Buenos Aires]
_bUniversidad Católica de Salta
_c[2000]
300 _a304 p.
500 _aLas autorías han sido tomado de la presentación
521 _aUNIVERSITARIO
650 4 _aDERECHO
650 4 _aENSENANZA UNIVERSITARIA
650 4 _aFORMACION POR MODULOS
650 4 _aDERECHO PENAL
650 4 _aOBLIGACIONES
650 4 _aENSENANZA DEL DERECHO
653 _aEDUCACION A DISTANCIA
700 1 _aMazzelli, Alicia Delia
710 1 _aUniversidad Católica de Salta
_bSubsede Buenos Aires
_bDepartamento de Educación No Presencial
710 1 _aArgentina
_bGendarmería
942 _cBK
998 _craquel
999 _c19703
_d19703